| 000 | 00895cam a2200241 a 4500 | ||
|---|---|---|---|
| 003 | OSt | ||
| 005 | 20141211180929.0 | ||
| 008 | 140812s2014 spca||| |||| 000 0 spa|d | ||
| 017 |
_aDL B 16780-2014 _bBiblioteca de Catalunya |
||
| 020 | _a9788490642054 | ||
| 040 |
_bcat _cCDMR |
||
| 100 | 1 |
_aBurgueño, José Manuel, _d1965- |
|
| 245 | 1 | 0 |
_aComunicación institucional para periodistas _b: manual práctico de comunicación y relaciones públicas _cJosé Manuel Burgueño ; prólogo de Juan-Cruz Más Vidal |
| 250 | _a1a ed. en lengua castellana | ||
| 260 |
_aBarcelona _bEditorial UOC _c2014 |
||
| 300 |
_a238 p. _bil. _c30 cm |
||
| 490 |
_a[Manuales] ; _v314. _aComunicación |
||
| 504 | _aBibliografia: p. 235-238 | ||
| 650 | 7 |
_aComunicació en l'empresa _2lemac _92798 |
|
| 650 | 7 |
_aComunicació en l'administració _2lemac _93870 |
|
| 650 | 0 | 4 |
_aRelacions públiques _92775 |
| 942 | _cMON | ||
| 999 |
_c6774 _d6774 |
||